| 000 | 00992nam a2200229Ii 4500 | ||
|---|---|---|---|
| 003 | JO-AjNU | ||
| 008 | 230605s9999||||xx |||||||||||||| ||und|| | ||
| 017 | _a2019/10/5612 | ||
| 020 | _a978-9957-33-757-5 | ||
| 040 |
_aJO-AjNU _bara _erda _cJO-AjNU |
||
| 041 | _aara | ||
| 050 | 1 | 4 | _aQA76.73.I793 2020 |
| 100 | 3 |
_a الارياني، أروى يحيى، م.مشارك نجود هاشم الوليدي, _eauthor _962333 |
|
| 245 | 0 | 0 | _aتصميم واجهات المستخدم التفاعلية=Interactive User Interface Design |
| 250 | _aالطبعة الاولى | ||
| 264 | 3 | 1 | _aعمان: مؤسسة الوراق للنشر والتوزيع، 2020 |
| 300 |
_a302ص _b ويحتوي على قائمة مراجع من ص301-ص302 |
||
| 336 |
_atext _btxt _2rdacontent |
||
| 337 |
_aunmediated _bn _2rdamedia |
||
| 338 |
_avolume _bnc _2rdacarrier |
||
| 650 | 4 |
_aالبرمجة التفاعلية-واجهات الاستخدام-تصميم النظم-برامج الحاسوب _962334 |
|
| 999 |
_aA28221 _c31789 _d31789 |
||